000 00366pab a2200145 454500
008 180718b1999 xxu||||| |||| 00| 0 eng d
100 _aD'Souza, J.B.
245 _aLocal self-government and citizen
260 _c1999
300 _ap.2985-986
362 _a16 and 23 Oct
650 _aLocal government
773 _aEconomic and Political Weekly
909 _a42784
999 _c42784
_d42784